[Event "NOR-chT Eliteserien 2018-19"]
[Site "Norway"]
[Date "2019.01.11"]
[Round "4"]
[White "Grandelius, Nils"]
[Black "Hauge, Lars Oskar"]
[Result "1/2-1/2"]
[WhiteElo "2682"]
[BlackElo "2466"]
[Annotator "TA"]
[PlyCount "82"]
[EventDate "2018.11.02"]
[EventType "team-tourn"]
[EventCountry "NOR"]
[SourceTitle "playchess.com"]
[Source "ChessBase"]
[SourceQuality "1"]

{[%evp 18,82,44,45,59,60,70,80,60,55,58,50,51,42,37,23,29,25,27,22,31,15,14,0,0,0,0,-29,-16,-25,-24,-32,-14,-40,-16,-33,-33,-29,-22,-78,-69,-146,-151,-148,-92,-77,-91,-85,-80,-79,-91,-124,-108,-122,-102,-202,-186,-152,-144,-184,-189,-370,0,0,0,0,0]} 1. d4 f5 2. Nc3 d5 3. Bf4 Nf6 4. e3 e6 5. Nf3 Bd6 6. Bd3 {A80: Dutch Defence: Unusual White second moves} (6. Be2 O-O 7. O-O c6 8. Bxd6 Qxd6 9. Na4 Nbd7 10. b3 e5 11. dxe5 Nxe5 12. c4 Be6 13. Nxe5 Qxe5 {½-½ (51) Wang,H (2735)-Radjabov,T (2713) Beijing 2013}) 6... O-O 7. O-O b6 8. Ne2 Bb7 9. c4 Ne4 10. Rc1 {LiveBook: 3 Games} Qe7 $146 ({Predecessor:} 10... Nd7 11. Bxd6 Nxd6 12. c5 Nc4 13. Qc2 bxc5 {1-0 (28) Akesson,R (2421)-Boe,M (2330) Malmo 2015}) 11. Bxd6 Nxd6 12. cxd5 exd5 13. Ne5 c5 14. b3 $1 Na6 {[%cal Bb8a6,Ba6c7,Bc7e6][%mdl 32]} 15. Re1 Nc7 16. Qc2 Ne6 17. Qb2 Rac8 18. Qa3 a6 19. Qb2 ({But not} 19. Bxa6 $2 Ra8 $19) 19... Rfe8 20. f4 Rc7 21. dxc5 bxc5 {[%cal Bb6c5,Bc5c4][%mdl 32]} 22. b4 c4 23. Bb1 g6 24. a3 Rec8 25. Red1 Ba8 26. h3 Rb8 27. Qd2 $1 Nb5 28. Nc3 (28. Qb2 $11 {keeps the balance.}) 28... Rd8 $17 ({Much worse is} 28... Nxa3 $6 29. Nxd5 Bxd5 30. Qxd5 $14) 29. a4 (29. Qa2 $15) 29... Nxc3 30. Qxc3 {[#]} d4 $1 {[%mdl 512]} 31. Qe1 (31. exd4 Nxf4) 31... c3 32. Ba2 Bd5 33. Bxd5 Rxd5 34. exd4 Rxd4 35. Rxd4 Nxd4 36. Kh2 (36. Kh1 $17) 36... Qxb4 $19 {White must now prevent ...Ne2!} 37. Nd3 {[#]} Qc4 $1 ({Don't play} 37... Qxa4 38. Rxc3 Rxc3 39. Qxc3 $11) 38. Qe8+ Kg7 39. Re1 $2 (39. Qe5+ {was forced.} Kh6 40. Qd6) 39... Qxd3 $2 (39... Nc6 $19 40. Qe3 c2) 40. Re7+ $1 $11 Rxe7 41. Qxe7+ Kg8 {Accuracy: White = 37%, Black = 68%.} 1/2-1/2

[Event "NOR-chT Eliteserien 2018-19"]
[Site "Norway"]
[Date "2019.01.11"]
[Round "4"]
[White "Bosiocic, Marin"]
[Black "Getz, Nicolai"]
[Result "*"]
[WhiteElo "2615"]
[BlackElo "2392"]
[Annotator "TA"]
[PlyCount "54"]
[EventDate "2018.11.02"]
[EventType "team-tourn"]
[EventCountry "NOR"]
[SourceTitle "playchess.com"]
[Source "ChessBase"]
[SourceQuality "1"]

{[%evp 16,54,26,25,18,16,27,10,13,0,0,3,22,0,0,0,33,-25,24,41,16,14,25,9,60,55,39,44,58,25,21,41,5,13,29,14,91,85,51,0,-14]} 1. d4 Nf6 2. c4 g6 3. Nc3 Bg7 4. e4 d6 5. h3 O-O 6. Be3 e5 7. d5 Na6 8. Bd3 Nd7 {E71: King's Indian: 4 e4 d6 5 h3} (8... Bd7 9. Nge2 Nc5 10. Bc2 a5 11. a3 a4 12. g4 c6 13. Ng3 cxd5 14. exd5 Qa5 15. O-O b5 16. Bxc5 dxc5 17. cxb5 Bxb5 {0-1 (47) Hjartarson,J (2583)-Jones,G (2638) Reykjavik 2013}) 9. a3 {LiveBook: 5 Games} Nac5 10. Bc2 f5 11. b4 Nxe4 12. Nxe4 fxe4 13. Ne2 Nf6 14. g4 $146 {[%cal Bg2g4,Bg4g5][%mdl 32]} ({Predecessor:} 14. Nc3 Qe7 15. Qd2 Bd7 16. c5 {1-0 (44) Gorti,A (2315)-Gomez Barrera,J (2035) Manavgat 2018}) 14... c6 15. Ng3 cxd5 {[#] ...d4 is the strong threat.} 16. cxd5 (16. g5 $14) 16... Bd7 17. g5 Ne8 18. Bxe4 Nc7 19. a4 Rf4 ({Better is} 19... Na6 $11) 20. h4 $1 $14 Na6 21. Rb1 Qe8 22. b5 Nc5 23. Bxc5 dxc5 24. d6 Rd8 25. h5 Be6 (25... Qf7 $11) 26. hxg6 hxg6 27. Rb2 (27. b6 $1 $14 a5 28. Bxb7) 27... Rd7 {Accuracy: White = 57%, Black = 52%.} *

[Event "NOR-chT Eliteserien 2018-19"]
[Site "Norway"]
[Date "2019.01.11"]
[Round "4"]
[White "Urkedal, Frode Olav Olsen"]
[Black "Notkevich, Benjamin Arvola"]
[Result "0-1"]
[WhiteElo "2539"]
[BlackElo "2495"]
[Annotator "TA"]
[PlyCount "78"]
[EventDate "2018.11.02"]
[EventType "team-tourn"]
[EventCountry "NOR"]
[SourceTitle "playchess.com"]
[Source "ChessBase"]
[SourceQuality "1"]

{[%evp 15,78,34,36,18,18,0,32,31,54,47,60,0,0,0,0,0,0,0,0,0,0,-4,-6,0,-1,6,-9,-28,-6,-14,-13,-39,-33,-35,-39,-62,-58,-68,-73,-98,-47,-87,0,0,0,0,89,114,110,63,60,65,69,-204,-208,-29988,-29989,-29991,-29992,-29992,-29993,-29993,-29994,-29997,-29998]} 1. d4 Nf6 2. c4 e6 3. Nf3 d5 4. Nc3 Bb4 5. cxd5 exd5 6. Bg5 {[%cal Bc1g5,Bg5h4,Bh4g3,Bg3c7][%mdl 32]} h6 7. Bh4 O-O {D38: Queen's Gambit Declined: Ragozin Defence (4 Nf3 Bb4)} 8. e3 Bf5 {LiveBook: 45 Games} 9. Be2 (9. Qb3 $5 {[%cal Rb3b4]} Nc6 10. Bxf6 Qxf6 11. Qxd5 $11) (9. Qb3 Bxc3+ 10. Qxc3 Nbd7 11. Qa3 c6 12. Be2 Qb6 13. Nd2 a5 14. O-O Rfe8 15. Rfe1 {½-½ (34) Aronian,L (2780)-Deac,B (2594) Douglas 2018}) 9... Nbd7 {The position is equal.} 10. O-O g5 $146 ({Predecessor:} 10... c6 11. Rc1 Re8 12. h3 Bd6 13. Bxf6 Nxf6 14. a3 Qd7 15. Re1 {½-½ (35) Chernyak,V (2236)-Pratyusha,B (2152) Tarvisio 2017}) 11. Bg3 c5 12. Nb5 {Strongly threatening a3.} c4 $1 13. a3 (13. Qa4 $1 $14 a5 14. Bc7) 13... Be7 $11 14. Bc7 Qc8 15. Bd6 Qd8 16. b3 a6 17. Bc7 Qc8 18. Nd6 Bxd6 $1 19. Bxd6 Re8 {next ...Ne4 is good for Black.} 20. bxc4 dxc4 21. Rc1 b5 22. Ne5 Ne4 23. Nxd7 Qxd7 24. Bb4 $1 Nf6 25. Qd2 Nd5 26. Bc5 g4 27. Rfe1 h5 (27... Qc6 $17) 28. Bd1 {aiming for e4!} Nf6 (28... Qc6 $17) 29. f3 $1 gxf3 30. gxf3 Kh8 (30... Bd3 $11 {keeps the balance.}) 31. e4 $16 Rg8+ {[%cal Be8g8,Bg8g6,Bg6g2][%mdl 32]} 32. Kf2 Rg6 $1 33. Qf4 $1 Rag8 $1 34. Be2 $2 {[%mdl 8192] [#]} (34. Qxf5 Rg2+ 35. Ke3 Qxf5 36. Be2 Nd5+ $1 {[%mdl 512]} 37. Kd2 Qxf3 38. Rxc4 Qe3+ 39. Kd1 Rxe2 40. Rxe2 Rg1+ 41. Re1 Rxe1+ 42. Kc2 bxc4 43. exd5 Qc1#) (34. Qe5 $14 {keeps the upper hand.}) 34... Bxe4 $1 $19 {[%mdl 512]} 35. fxe4 $2 (35. Rg1 $19 Bf5 36. Rxg6 Rxg6 37. a4) 35... Rg2+ {Black mates.} 36. Ke3 Qh3+ {[%mdl 64] Double Attack} 37. Qf3 {[#]} Nd5+ $1 {[%mdl 512]} 38. exd5 Re8+ 39. Kf4 Qh4+ {Accuracy: White = 32%, Black = 73%.} 0-1

[Event "NOR-chT Eliteserien 2018-19"]
[Site "Norway"]
[Date "2019.01.11"]
[Round "4"]
[White "Lie, Espen"]
[Black "Ostmoe, Geir Sune Tallaksen"]
[Result "1/2-1/2"]
[WhiteElo "2492"]
[BlackElo "2440"]
[Annotator "TA"]
[PlyCount "120"]
[EventDate "2018.11.02"]
[EventType "team-tourn"]
[EventCountry "NOR"]
[SourceTitle "playchess.com"]
[Source "ChessBase"]
[SourceQuality "1"]

{[%evp 16,120,16,0,28,25,33,14,39,24,29,4,10,0,116,115,116,62,122,107,174,64,65,48,43,47,48,0,2,15,39,45,52,52,55,43,50,42,54,53,63,64,71,67,114,-30,-29,-49,0,0,0,0,0,0,0,0,0,0,0,-8,-7,-16,-12,-15,-7,-18,3,5,83,83,83,60,80,81,81,103,80,79,71,0,0,0,0,0,0,0,0,0,0,0,0,0,0,0,0,0,0,0,0,0,0,0,0,0,0,0,0]} 1. Nf3 Nf6 2. b3 g6 3. Bb2 Bg7 4. g3 b6 5. Bg2 Bb7 6. O-O O-O 7. c4 c5 8. e3 Nc6 {A30: Symmetrical English: Double Fianchetto and Hedgehog} (8... d6 9. Nc3 Nbd7 10. d4 Ne4 11. Rc1 Nxc3 12. Bxc3 Be4 13. Qe2 a6 14. Rfd1 Qb8 15. Bh3 Bxf3 16. Qxf3 Rd8 17. Bg2 Ra7 18. h4 b5 {½-½ (39) Karjakin,S (2763)-Dubov,D (2701) Moscow 2018}) 9. Qe2 {LiveBook: 6 Games} Qc7 10. Nc3 $146 ({Predecessor:} 10. d3 d6 11. Nc3 Rfd8 12. Rac1 Ne5 13. e4 Nxf3+ 14. Bxf3 e6 15. Bg2 a6 16. Rfd1 {1-0 (34) Sehrt,J-Bosbach,G (2270) Germany 1990}) 10... Rad8 {White has an edge.} 11. Rac1 Qb8 12. Rfd1 d5 13. Nxd5 Nxd5 14. Bxg7 Nf4 (14... Kxg7 $11 15. cxd5 Rxd5) 15. gxf4 $16 Kxg7 16. d3 (16. d4 $16) 16... Rd6 (16... Rfe8 $14) 17. a3 a5 (17... Qa8 $16 {was necessary.} 18. Rb1 f6) 18. Ne5 (18. d4 $1 $18) 18... Rfd8 $14 19. Nxc6 Bxc6 20. Bxc6 Rxc6 21. b4 axb4 22. axb4 Rf6 23. b5 e5 24. fxe5 $1 Qxe5 25. Rc2 Re8 26. Kh1 Rf5 27. Rg1 Qf6 28. Ra2 Rd8 29. f4 Qe7 30. Rd2 ({White should play} 30. Rg3 $16) 30... Re8 $1 $11 31. Re1 Qb7+ (31... Rxf4 $5 32. Ra2 (32. exf4 Qb7+ 33. Qe4 Rxe4 $15) 32... Qf6 $15) 32. Qg2 Qxg2+ 33. Kxg2 Rxf4 $1 {[%mdl 4096] Endgame KRR-KRR} 34. Rf2 Rg4+ 35. Kf3 Rh4 36. Kg3 Rh5 37. Rf3 Rg5+ 38. Kf2 Ra8 39. Re2 Ra1 40. e4 Rgg1 41. e5 Rgf1+ (41... h5 $11) 42. Ke3 $16 Rxf3+ 43. Kxf3 {KR-KR} f5 44. exf6+ $1 Kxf6 {[#]} 45. Re8 $1 Rf1+ 46. Ke2 Rf5 {[#] Hoping for ...Re5+.} 47. d4 (47. Kd2 $1 $16) 47... cxd4 $11 {The position is equal.} 48. Kd3 Rh5 49. Kxd4 {Black must now prevent Rb8.} Rxh2 50. Rb8 Rd2+ $1 51. Kc3 Rd6 52. c5 bxc5 53. b6 {aiming for b7.} Kg5 54. Kc4 h5 55. Kxc5 Rd1 56. Ra8 Rc1+ 57. Kd6 Rd1+ 58. Kc6 Rc1+ 59. Kd6 Rd1+ 60. Kc6 Rc1+ {Accuracy: White = 63%, Black = 60%.} 1/2-1/2

[Event "NOR-chT Eliteserien 2018-19"]
[Site "Norway"]
[Date "2019.01.11"]
[Round "4"]
[White "Blomqvist, Erik"]
[Black "Galchenko, Matvey"]
[Result "1-0"]
[WhiteElo "2491"]
[BlackElo "2361"]
[Annotator "TA"]
[PlyCount "119"]
[EventDate "2018.11.02"]
[EventType "team-tourn"]
[EventCountry "NOR"]
[SourceTitle "playchess.com"]
[Source "ChessBase"]
[SourceQuality "1"]

{[%evp 24,119,35,36,74,69,99,89,114,103,108,104,132,130,160,160,153,150,160,161,179,172,200,195,320,193,189,207,188,195,293,312,306,297,341,186,187,178,211,206,219,218,217,213,208,210,575,589,583,587,588,588,588,588,585,566,534,556,554,555,527,554,544,495,525,514,535,538,523,518,562,587,631,634,808,905,903,894,709,928,670,573,884,816,833,819,786,866,897,980,1014,1011,1367,1310,1307,1202,1077,1096]} 1. Nf3 Nf6 2. g3 g6 3. b3 Bg7 4. Bb2 O-O 5. Bg2 c5 6. c4 Nc6 7. O-O d6 8. d4 cxd4 9. Nxd4 Bd7 10. Nc2 Rc8 11. Nc3 Qa5 {E60: King's Indian: Unusual lines and Fianchetto Variation without Nc3} 12. Qd2 Qh5 13. Ne3 {LiveBook: 4 Games} (13. e4 Bh3 14. f3 Bxg2 15. Kxg2 Qa5 16. Ne3 Rfd8 17. Rfd1 e6 {½-½ (32) Firat,B (2480)-Guseinov,G (2645) Kocaeli 2017}) 13... Be6 {White is slightly better.} 14. Ncd5 Bxd5 $146 ({Predecessor:} 14... Ng4 15. Nxg4 Bxg4 16. Bxg7 Kxg7 {1-0 (43) Rak,T (2067)-Szolc,G (1945) Suwalki 2017}) 15. cxd5 {[#] And now Bf3 would win.} Nb8 16. h4 Na6 17. b4 Rfd8 18. Rac1 Ra8 19. f4 Qh6 20. Bf3 Bh8 21. Kg2 Rac8 22. a3 Rxc1 23. Rxc1 ({Resist} 23. Bxc1 $6 Qf8 $16) 23... Nd7 (23... Qg7 $142 24. Nc4 Qf8) 24. Ng4 Qf8 25. Bxh8 Kxh8 26. Qd4+ Qg7 (26... Kg8 $142 27. Qxa7 h5) 27. Qxa7 $18 Qb2 28. Qe3 Re8 29. Qc3+ (29. Rc3 $142) 29... Qxc3 30. Rxc3 Nb6 31. e4 {[%cal Be2e4,Be4e5][%mdl 32]} Rc8 32. Rxc8+ Nxc8 {[%mdl 4096] Endgame KBN-KNN} 33. Ne3 Kg7 34. Nc4 e6 $2 {[#]} (34... Kf8 {is tougher.} 35. Bg4 Na7) 35. e5 {White is clearly winning.} exd5 36. Nxd6 Nb6 37. Nxb7 Nc7 38. Nc5 f6 39. exf6+ Kxf6 40. a4 Ke7 41. Kf2 Kd6 42. Ke3 Nc8 43. Nd3 Nb6 44. Nb2 Nc8 45. Be2 Ne7 46. g4 h5 47. Nd3 hxg4 48. Bxg4 Nc6 49. f5 gxf5 50. Bxf5 d4+ 51. Ke4 Nd5 52. b5 Nc3+ 53. Kf4 Nd8 54. Nb2 Nf7 55. h5 Nd5+ 56. Ke4 Nh6 57. Bg6 Kc5 58. Nd3+ Kc4 59. Ne5+ Kc5 60. Nd7+ {Accuracy: White = 85%, Black = 44%.} 1-0

[Event "NOR-chT Eliteserien 2018-19"]
[Site "Norway"]
[Date "2019.01.11"]
[Round "4"]
[White "Holm, Kristian Stuvik"]
[Black "Ogaard, Leif"]
[Result "1/2-1/2"]
[WhiteElo "2468"]
[BlackElo "2382"]
[Annotator "TA"]
[PlyCount "71"]
[EventDate "2018.11.02"]
[EventType "team-tourn"]
[EventCountry "NOR"]
[SourceTitle "playchess.com"]
[Source "ChessBase"]
[SourceQuality "1"]

{[%evp 25,71,20,12,14,21,16,34,16,36,31,19,12,33,26,27,15,16,13,18,3,3,0,3,3,18,18,18,18,18,0,0,0,5,0,0,0,0,0,0,0,0,0,0,0,0,0,0,0]} 1. d4 d5 2. c4 e6 3. Nf3 c5 4. cxd5 exd5 5. Nc3 Nc6 6. g3 Nf6 7. Bg2 Be7 8. O-O O-O 9. dxc5 Bxc5 10. a3 Ne4 {D34: Tarrasch Defence: 6 g3 Nf6 7 Bg2 Be7} 11. Na4 (11. Qxd5 Nxc3 12. Qxc5 Nxe2+ 13. Kh1 Nxc1 14. Raxc1 Qf6 15. b4 Bg4 16. Qc3 Qxc3 17. Rxc3 Rad8 18. Re1 Rd7 19. b5 Bxf3 20. Bxf3 Nd4 21. Rd1 b6 22. a4 {½-½ (22) Korobov,A (2652)-L'Ami,E (2634) Wijk aan Zee 2018}) 11... Be7 12. Be3 Bf6 13. Rc1 Re8 {LiveBook: 3 Games} 14. Nd4 Bxd4 $146 ({Predecessor:} 14... Ne5 15. Bf4 Nc4 16. b3 Nxa3 17. h4 h6 18. Qd3 Qe7 19. Rfd1 Qb4 20. f3 Nd6 {½-½ (88) Djuric,S (2470)-Raaste,E (2340) Jarvenpaa 1985}) 15. Bxd4 Bf5 16. b4 Qd7 17. Ba1 Rad8 18. e3 Bh3 19. Nc5 Nxc5 20. Rxc5 Bxg2 {The position is equal.} 21. Kxg2 b6 22. Rc2 d4 23. exd4 Nxd4 24. Bxd4 {[#] Strongly threatening Rd2.} Qxd4 25. Qxd4 Rxd4 $11 {[%mdl 4096] Endgame KRR-KRR} 26. Rc7 a5 27. b5 Rd5 28. a4 g6 29. Rb7 Re4 30. Rxb6 Rxa4 31. Rb8+ Kg7 32. b6 Rb4 33. b7 Rdb5 34. Ra1 Rxb7 35. Rxb7 Rxb7 36. Rxa5 {Accuracy: White = 45%, Black = 72%.} 1/2-1/2

[Event "NOR-chT Eliteserien 2018-19"]
[Site "Norway"]
[Date "2019.01.11"]
[Round "4"]
[White "Djurhuus, Rune"]
[Black "Flermoen, Peter"]
[Result "1-0"]
[WhiteElo "2457"]
[BlackElo "2314"]
[Annotator "TA"]
[PlyCount "111"]
[EventDate "2018.11.02"]
[EventType "team-tourn"]
[EventCountry "NOR"]
[SourceTitle "playchess.com"]
[Source "ChessBase"]
[SourceQuality "1"]

{[%evp 17,111,19,21,0,0,0,0,0,34,30,40,40,35,45,30,35,55,38,53,34,47,39,47,46,47,52,52,58,42,40,53,36,83,62,108,86,85,24,25,25,24,26,50,51,118,25,108,60,113,86,112,110,193,148,163,148,158,149,154,150,149,140,210,210,265,246,262,140,125,139,115,79,82,6,202,76,76,69,81,72,181,143,402,388,5589,5608,5608,5608,5501,5489,2160,1928,978,1008,29985,29983]} 1. d4 Nf6 2. c4 e6 3. Nc3 d5 4. cxd5 exd5 5. Bg5 Be7 6. e3 c6 7. Qc2 O-O 8. Bd3 h6 9. Bf4 Be6 10. h3 {D36: Queen's Gambit Declined: Exchange Variation: Main line (5 Bg5 c6 6 Qc2)} c5 $146 ({Predecessor:} 10... Nbd7 11. Nf3 a6 12. O-O Rc8 13. Rac1 c5 14. dxc5 Nxc5 15. Rfd1 Nxd3 16. Qxd3 Qb6 17. Qb1 Bb4 {½-½ (82) Pesotskiy,M (2239)-Shishkin,V (1813) St Petersburg 2018}) 11. dxc5 Nc6 {[%cal Bb8c6,Bc6b4,Bb4d3][%mdl 32]} 12. Nf3 {The position is equal.} Nb4 13. Qd2 Nxd3+ 14. Qxd3 Bxc5 15. O-O Qe7 16. Rfd1 a6 17. Be5 Rfd8 18. Na4 Ba7 19. Bd4 b5 20. Bxa7 Rxa7 21. Nc3 $1 Rc8 22. Nd4 Rac7 23. a4 b4 24. Nce2 a5 25. Rdc1 Bd7 26. Rxc7 Rxc7 27. b3 (27. Qa6 $16) 27... Rc5 28. Rc1 Rxc1+ 29. Nxc1 Qc5 30. Nce2 Ne4 (30... Qb6 $14) 31. f3 ({White should try} 31. Qa6 $1 $16) 31... Nd6 (31... Nc3 $11 {remains equal.}) 32. Kf2 g6 (32... Nc8 $14) 33. g4 Kg7 34. Nf4 Kf6 (34... Nb7 $16) 35. Nde2 Bc6 36. h4 Bb7 37. Qd1 Ke7 38. Qa1 $1 Kd7 39. Qe5 Ne8 (39... Qc6 $16 40. h5 gxh5 41. Nxh5 Ne8) 40. Nd4 $18 Qe7 41. Qb8 Nd6 42. Nb5 (42. h5 $1 $18) 42... Kc6 $16 43. Nxd6 Qxd6 44. Qe8+ Qd7 45. Qe5 (45. Qh8 $16) 45... Qd8 $2 {[#]} (45... Qd6 $1 $11 {and Black is okay.} 46. Qe8+ Qd7) 46. g5 (46. h5 $1 $18 {and White stays clearly on top.}) 46... hxg5 47. hxg5 Qd6 48. Qg7 $36 {[%mdl 2048] Black is under strong pressure.} Qd7 (48... d4 $16) 49. Nd3 {Threatens to win with Ne5+.} Qf5 $2 {[%mdl 8192] [#]} (49... Qd6 $16 {keeps fighting.}) 50. Ne5+ $1 $18 ({Not} 50. Qd4 Kd7 $14) 50... Kc5 $2 (50... Kc7 51. Nxf7 (51. Qxf7+ Qxf7 52. Nxf7 d4 $11) 51... Qh3 52. Ne5+ (52. Qxg6 Qh2+ 53. Ke1 Qg3+ 54. Kd2 Qf2+ 55. Kc1 Qxe3+ {[%mdl 64] Double Attack} 56. Kb2 Qd4+ 57. Kb1 Qd1+ 58. Kb2 Qd4+ 59. Kb1 Qd1+ 60. Kb2 Qd4+ $11) 52... Kb8 53. Qf8+ Ka7) 51. Qf8+ Kb6 52. Qd8+ Ka7 53. Qxa5+ Kb8 54. Qd8+ Ka7 55. Nd7 {Intending Qb6+ and mate.} d4 {[#]} 56. e4 $1 {[%mdl 512] Accuracy: White = 50%, Black = 32%.} 1-0

[Event "NOR-chT Eliteserien 2018-19"]
[Site "Norway"]
[Date "2019.01.11"]
[Round "4"]
[White "Haldorsen, Benjamin"]
[Black "Stojanovic, Mihajlo"]
[Result "1/2-1/2"]
[WhiteElo "2454"]
[BlackElo "2508"]
[Annotator "TA"]
[PlyCount "77"]
[EventDate "2018.11.02"]
[EventType "team-tourn"]
[EventCountry "NOR"]
[SourceTitle "playchess.com"]
[Source "ChessBase"]
[SourceQuality "1"]

{[%evp 26,77,21,27,29,4,11,3,5,5,10,0,8,0,0,0,18,5,31,21,31,18,36,8,36,33,14,8,27,26,18,0,3,0,0,0,0,0,0,0,0,0,0,0,0,0,0,0,0,0,0,0,0,0]} 1. e4 e6 2. d4 d5 3. Nc3 Nf6 4. e5 Nfd7 5. f4 c5 6. Nf3 Nc6 7. Be3 cxd4 8. Nxd4 Bc5 9. Qd2 Nxd4 10. Bxd4 Bxd4 11. Qxd4 Qb6 12. O-O-O Qxd4 13. Rxd4 Ke7 14. g3 {[#] LiveBook: 5 Games. C11: French: Classical System: 4 e5 and 4 Bg5 dxe4} b6 $146 ({Predecessor:} 14... Nb8 15. Rd2 Bd7 16. b3 Nc6 17. Kb2 g5 18. Bg2 Rag8 19. f5 g4 20. Rf1 Rg5 21. fxe6 fxe6 22. Bxd5 exd5 23. Nxd5+ Ke6 24. Nc7+ Ke7 25. Nd5+ Ke6 26. Nc7+ Kxe5 {½-½ (26) Kravtsiv,M (2636)-Gurevich,M (2542) Cappelle-la-Grande 2016}) 15. Bb5 Nb8 16. Re1 a6 17. Bf1 Nc6 18. Rd2 Bd7 19. b3 b5 20. Kb2 h6 21. a3 g6 22. Ne2 g5 23. Nd4 gxf4 24. gxf4 Rhg8 25. Nxc6+ Bxc6 26. Bh3 Rg7 27. Kc3 Bd7 28. Rg2 {The position is equal.} Rc8+ 29. Kd2 Rxg2+ 30. Bxg2 $11 {[%mdl 4096] Endgame KRB-KRB} f6 31. exf6+ Kxf6 32. Bh3 a5 33. Re3 b4 34. a4 Rb8 35. Rg3 Be8 36. Rg8 Kf7 37. Rg3 Kf6 38. Rg8 Kf7 39. Rg3 {Accuracy: White = 65%, Black = 55%.} 1/2-1/2

[Event "NOR-chT Eliteserien 2018-19"]
[Site "Norway"]
[Date "2019.01.11"]
[Round "4"]
[White "Ostenstad, Berge"]
[Black "Hobber, Anders"]
[Result "1-0"]
[WhiteElo "2443"]
[BlackElo "2310"]
[Annotator "TA"]
[PlyCount "51"]
[EventDate "2018.11.02"]
[EventType "team-tourn"]
[EventCountry "NOR"]
[SourceTitle "playchess.com"]
[Source "ChessBase"]
[SourceQuality "1"]

{[%evp 28,51,22,22,266,266,441,108,135,0,454,434,439,459,615,604,793,795,791,756,708,527,520,517,2039,2031]} 1. c4 c6 2. e4 d5 3. cxd5 cxd5 4. exd5 Nf6 5. Nc3 Nxd5 6. Nf3 e6 7. Bc4 Nc6 8. O-O Be7 9. d4 O-O 10. Re1 Nxc3 11. bxc3 b6 12. Bd3 Bb7 13. h4 Bxh4 14. Nxh4 {D41: Queen's Gambit Declined: Semi-Tarrasch with 5 cxd5} Qxh4 15. Re3 {LiveBook: 26 Games} h6 $2 (15... g6 $1 $11) (15... g6 16. Rh3 Qf6 17. Bh6 Rfe8 18. Qd2 e5 19. d5 Ne7 20. Bg5 Qd6 21. c4 f6 {1-0 (42) Illescas Cordoba,M (2605)-Volkov,S (2557) Barcelona 2018}) 16. Rh3 $18 {White has a decisive advantage.} Qe7 $146 (16... Qf6 {keeps fighting.} 17. Qg4 Ne7) ({Predecessor:} 16... Qf6 17. Qg4 g5 18. f4 Qg7 19. fxg5 f5 20. Qe2 Rae8 21. Rxh6 Rf7 22. Qh5 {1-0 (22) Rabiega,R (2470)-Bauer,R (2315) Germany 1996}) 17. Rg3 $2 (17. Qh5 $18 {is more deadly.}) 17... Qh4 $16 {[#]} 18. Rh3 $2 {[%mdl 8192]} (18. Bg5 $1 $16 {[%cal Rg5h4][%mdl 512]} hxg5 19. Rh3) 18... Qe7 $1 $18 19. Qh5 {Strongly threatening Bxh6!White is clearly winning.} f5 {[#]} 20. Bxh6 $1 {[%mdl 512]} Qf7 {aiming for ...Qxh5.} (20... gxh6 21. Qg6+) 21. Qh4 Qf6 22. Bg5 Qg6 23. Be2 f4 24. Bd3 Rf5 25. Bxf5 exf5 (25... Qxf5 $142 26. Bxf4 e5) 26. Re1 {Precision: White = 50%, Black = 40%.} 1-0

[Event "NOR-chT Eliteserien 2018-19"]
[Site "Norway"]
[Date "2019.01.11"]
[Round "4"]
[White "Mihajlov, Sebastian"]
[Black "Tari, Aryan"]
[Result "*"]
[WhiteElo "2363"]
[BlackElo "2625"]
[Annotator "TA"]
[PlyCount "37"]
[EventDate "2018.11.02"]
[EventType "team-tourn"]
[EventCountry "NOR"]
[SourceTitle "playchess.com"]
[Source "ChessBase"]
[SourceQuality "1"]

{[%evp 20,37,20,0,0,0,7,-13,-14,-23,-12,-27,33,35,42,41,66,67,105,96]} 1. d4 Nf6 2. c4 e6 3. Nf3 d5 4. Nc3 dxc4 5. e3 a6 6. a4 b6 {D24: Queen's Gambit Accepted: 3 Nf3 Nf6 4 Nc3} 7. Bxc4 Bb7 8. O-O Bb4 9. Qe2 O-O 10. Bd3 c5 11. dxc5 {LiveBook: 5 Games} Bxc5 12. b3 $146 ({Predecessor:} 12. e4 Nbd7 13. Bg5 Qb8 14. Rad1 {½-½ (28) Bacrot,E (2692)-Bluebaum,M (2580) Germany 2016}) 12... Nc6 {[%cal Bb8c6,Bc6b4,Bb4a2][%mdl 32]} 13. Bb2 (13. Rd1 $5 {[%cal Rd3h7]}) 13... Nb4 14. Bc4 Qc7 15. h3 e5 (15... Rfd8 $11) 16. Rfd1 $14 e4 17. Nh2 Kh8 18. Na2 Nxa2 19. Bxf6 *